Formación de formadores en planeamiento y administración de la educación: informe final

Gardado en:
Detalles Bibliográficos
Autor Corporativo: UNESCO (Author)
Formato: Libro
Idioma:Lingua castelá
Publicado: Santiago UNESCO 1988
Subjects:
Tags: Engadir etiqueta
Sen Etiquetas, Sexa o primeiro en etiquetar este rexistro!

MARC

LEADER 00000nam a2200000 a 4500
001 UCW6347
003 CL-VaPUC
008 911122e19880000CL |||||||||||||||||spa|d
082 0 4 |a 371.207098  |b UNE  |2 21 
110 2 |a UNESCO  |e author  |9 311407 
245 1 0 |a Formación de formadores en planeamiento y administración de la educación: informe final 
300 |a 91 p 
942 |c BK 
945 |d 19911122 00:00:00 
260 |a Santiago  |b UNESCO  |c 1988 
650 0 |a Administración de la enseñanza   |9 261034 
650 0 |a Gestión educacional   |9 261035 
650 0 |a Congresos  |9 257560 
650 0 |a Planificación de la educación   |9 307333 
651 0 |a América Latina   |9 255027 
583 |a last modification  |c 20170427 11:41:11  |k Rodrigo Vera 
999 |c 219439  |d 219437 
952 |0 0  |1 0  |4 0  |6 371_207098000000000_UNE_1988  |7 0  |8 P  |9 210371  |a BIBEDU  |b BIBEDU  |c BIBEDU_PB  |d 2019-11-15  |i 2784696  |o 371.207098 UNE 1988  |p 2784696  |r 2024-01-25  |w 2019-11-15  |y BK  |k EDU